000
00361nam a2200169Ia 4500
100
_a
Keat/Paul G/ Young/Philip K.Y
650
_a
Economics
250
_a
6
942
_c
BK
366
_f
25
245
_a
Managerial Economics
260
_b
Pearson Education
_c
2011
082
_a
685.5
_b
KEA
300
_a
551
546
_a
ENGLISH
_c
Info.Tech
999
_c
32731
_d
32731